000 00353nam a2200145Ia 4500
008 230917s9999||||xx |||||||||||||| ||und||
040 _e39243
_aMAIN
041 _aEnglish
082 _a954.5 L829S
100 _aLogin, Lady
245 0 _aSir John Login and Duleep Singh
260 _aDelhi
_bNeesa Books
_c1970
300 _axx, 580 p.
942 _cBK
999 _c204756
_d204756